<?xml version="1.0" encoding="UTF-8"?>
<collection xmlns="http://www.loc.gov/MARC21/slim">
 <record>
  <leader>01351nam a22002897a 4500</leader>
  <controlfield tag="001">29790</controlfield>
  <controlfield tag="003">BD-DhAAL</controlfield>
  <controlfield tag="005">20160626110039.0</controlfield>
  <controlfield tag="008">160626s2014    bg            000 p ben  </controlfield>
  <datafield tag="020" ind1=" " ind2=" ">
   <subfield code="a">9789849078586</subfield>
  </datafield>
  <datafield tag="040" ind1=" " ind2=" ">
   <subfield code="a">BD-DhAAL</subfield>
   <subfield code="c">BD-DhAAL</subfield>
  </datafield>
  <datafield tag="041" ind1=" " ind2=" ">
   <subfield code="a">ben</subfield>
  </datafield>
  <datafield tag="082" ind1="0" ind2="0">
   <subfield code="a">891.44</subfield>
  </datafield>
  <datafield tag="100" ind1="1" ind2=" ">
   <subfield code="a">শাহ, শিতালং</subfield>
   <subfield code="9">19708</subfield>
  </datafield>
  <datafield tag="245" ind1="0" ind2="0">
   <subfield code="a">মশকিল তরান /</subfield>
   <subfield code="c">শিতালং শাহ; সংগ্রহ, লিপ্যন্তর ও সম্পাদনা মো. আব্দুল মান্নান এবং মোস্তফা সেলিম।</subfield>
  </datafield>
  <datafield tag="260" ind1=" " ind2=" ">
   <subfield code="a">ঢাকাঃ</subfield>
   <subfield code="b">উৎস প্রকাশন, </subfield>
   <subfield code="c">২০১৪</subfield>
  </datafield>
  <datafield tag="300" ind1=" " ind2=" ">
   <subfield code="a">৩৮২ পৃষ্ঠা ;</subfield>
   <subfield code="c">২৫ সে মি</subfield>
  </datafield>
  <datafield tag="490" ind1=" " ind2=" ">
   <subfield code="a">নাগরী গ্রন্থসম্ভার</subfield>
   <subfield code="v">১৪</subfield>
  </datafield>
  <datafield tag="504" ind1=" " ind2=" ">
   <subfield code="6">তথ্যসূত্র অন্তর্ভূক্ত [ ভূমিকা ২৬]</subfield>
  </datafield>
  <datafield tag="526" ind1=" " ind2=" ">
   <subfield code="a">AAL</subfield>
  </datafield>
  <datafield tag="541" ind1=" " ind2=" ">
   <subfield code="e">29790</subfield>
  </datafield>
  <datafield tag="650" ind1=" " ind2="0">
   <subfield code="a">Islamic poetry, Bengali</subfield>
   <subfield code="9">19709</subfield>
  </datafield>
  <datafield tag="700" ind1="1" ind2=" ">
   <subfield code="a">মান্নান, মো. আব্দুল </subfield>
   <subfield code="9">19710</subfield>
  </datafield>
  <datafield tag="700" ind1="1" ind2=" ">
   <subfield code="a">সেলিম, মোস্তফা</subfield>
   <subfield code="9">19711</subfield>
  </datafield>
  <datafield tag="942" ind1=" " ind2=" ">
   <subfield code="2">ddc</subfield>
   <subfield code="c">BK</subfield>
  </datafield>
  <datafield tag="999" ind1=" " ind2=" ">
   <subfield code="c">37621</subfield>
   <subfield code="d">37621</subfield>
  </datafield>
  <datafield tag="952" ind1=" " ind2=" ">
   <subfield code="0">0</subfield>
   <subfield code="1">0</subfield>
   <subfield code="2">ddc</subfield>
   <subfield code="4">0</subfield>
   <subfield code="6">891_440000000000000_SHA</subfield>
   <subfield code="7">0</subfield>
   <subfield code="9">59176</subfield>
   <subfield code="a">BRACUL</subfield>
   <subfield code="b">BRACUL</subfield>
   <subfield code="c">GEN</subfield>
   <subfield code="d">2016-06-26</subfield>
   <subfield code="e">BRAC Center</subfield>
   <subfield code="g">400.00</subfield>
   <subfield code="l">0</subfield>
   <subfield code="o">891.44 SHA</subfield>
   <subfield code="p">3010029790</subfield>
   <subfield code="r">2016-06-26</subfield>
   <subfield code="t">1</subfield>
   <subfield code="w">2016-06-26</subfield>
   <subfield code="y">BK</subfield>
  </datafield>
 </record>
</collection>
